Gaming Quiz

Random Gaming or Nintendo Quiz

Mario Kart Wii Vehicles Quiz Stats

 Plays Quiz not verified by Sporcle

Support Sporcle.
Go Orange.
Score 0/36 Timer 08:00
0 Plays Today
Type Name % Correct
Small KartStandard Kart S
84.6%
Medium KartStandard Kart M
84.6%
Large KartStandard Kart L
84.6%
Small BikeStandard Bike S
80.6%
Medium BikeStandard Bike M
80.6%
Large BikeStandard Bike L
80.6%
Small BikeBullet Bike
80.1%
Large BikeFlame Runner or Bowser Bike
80.1%
Medium BikeMach Bike
76.1%
Small KartBooster Seat or Baby Booster
75.6%
Large BikeWario Bike
73.1%
Medium KartWild Wing
69.7%
Small KartBlue Falcon
67.2%
Medium KartSuper Blooper or Turbo Blooper
66.2%
Medium BikeDolphin Dasher
66.2%
Small KartMini Beast or Concerto
65.2%
Small BikeMagikruiser
65.2%
Small KartTiny Titan or Rally Romper
64.7%
Type Name % Correct
Large BikeShooting Star or Twinkle Star
64.7%
Small BikeQuacker
62.7%
Large BikeSpear or Torpedo
62.7%
Large KartOffroader
62.2%
Medium BikeSugarscoot or Bon Bon
61.2%
Small BikeBit Bike or Nano Bike
60.7%
Small BikeJet Bubble or Bubble Bike
60.7%
Large KartHoneycoupe or Dragonetti
60.2%
Large KartFlame Flyer
58.7%
Large KartPiranha Prowler
58.7%
Medium KartSprinter or B Dasher Mk. 2
58.2%
Small KartCheep Charger
55.7%
Medium KartDaytripper or Royal Racer
55.2%
Medium BikeSneakster or Nitrocycle
55.2%
Large KartJetsetter or Aeroglider
55.2%
Large BikePhantom
55.2%
Medium KartClassic Dragster or Nostalgia 1
53.7%
Medium BikeZip Zip or Rapide
51.2%

You're not logged in!

Compare scores with friends on all Sporcle quizzes.
OR
Log In

From the Vault

Multiples of 8 Blitz

by Mattyo7

You'll need to bring some gr8 math skills for this one.
Remove Ads.
Support Sporcle.
Get the best of Sporcle when you Go Orange. This ad-free experience offers more features, more stats, and more fun while also helping to support Sporcle. Thank you for becoming a member.

Show Comments

Extras

Top Quizzes Today


Score Distribution

Your Account Isn't Verified!

In order to create a playlist on Sporcle, you need to verify the email address you used during registration. Go to your Sporcle Settings to finish the process.

Report this User

Report this user for behavior that violates our Community Guidelines.

Details: